2003 F1 Race Winners - Statistics

General Stats
  • This quiz has been taken 27 times
  • The average score is 15 of 16
Answer Stats
Track Team Driver % Correct
Great Britain Ferrari Barrichello
100%
Japan Ferrari Barrichello
100%
San Marino Ferrari M Schumacher
100%
Spain Ferrari M Schumacher
100%
Austria Ferrari M Schumacher
100%
Canada Ferrari M Schumacher
100%
Italy Ferrari M Schumacher
100%
United States Ferrari M Schumacher
100%
Europe (Nurgburgring) Williams R Schumacher
100%
France Williams R Schumacher
100%
Hungary Renault Alonso
91%
Malaysia McLaren Raikkonen
91%
Monaco Williams Montoya
86%
Germany Williams Montoya
86%
Australia McLaren Coulthard
82%
Brazil Jordan Fisichella
77%
No matching quizzes found
Score Distribution
Percent of People with Each Score
Percentile by Number Answered
Your Score History
You have not taken this quiz